| 000 | 00540nam a2200181Ia 4500 | ||
|---|---|---|---|
| 008 | 090124s9999 xx 000 0 und d | ||
| 082 | _b31497 | ||
| 100 | _aदेशपांडे वि. भा. | ||
| 245 | _a गानयोगी | ||
| 250 | _a1 | ||
| 260 |
_bपृथ्वी प्रकाशन _c1993 |
||
| 300 | _a196 | ||
| 600 | _aदेशपांडे वि. भा. | ||
| 630 | _a गानयोगी | ||
| 700 | _aदेशपांडे वि. भा. | ||
| 730 | _a गानयोगी | ||
| 942 | _cBOOK | ||
| 999 |
_c97469 _d97469 |
||